| 000 | 00691nam a2200205 a 4500 | ||
|---|---|---|---|
| 008 | |||
| 049 | _aMAIN | ||
| 090 | 5 | _aREF. HD69.P75 SYS | |
| 245 | 1 | 4 |
_aSystems and project Management (ISPM-Paper 10) : _bMay 2001 Examinations Intermediate level |
| 260 |
_aUnited Kingdom: _bCIMA, _c2001 |
||
| 300 |
_a22 p. : _bill. ; _c29 cm. |
||
| 505 | 0 |
_aQuestion Paper _vexaminer's guide _xexaminer's answers |
|
| 650 | 0 | _aProject management. | |
| 710 | 2 | _aThe Chartered Institute of Management Accountants | |
| 907 |
_a.b10154255 _b24-02-05 _c24-02-05 |
||
| 999 |
_aCM New _c100511 _d100511 |
||
| 003 | |||
| 005 | 20230120191413.0 | ||
| 040 | _cNUST | ||
| 942 |
_cBOOKS _kREF. HD69.P75 SYS |
||